Bal Thackeray: (Record no. 186804)

MARC details
000 -LEADER
fixed length control field 00594nam a22001817a 4500
005 - DATE AND TIME OF LATEST TRANSACTION
control field 20220316174328.0
010 ## - LCCN (DPL NO)
LC control number ENG-132010
020 ## - INTERNATIONAL STANDARD BOOK NUMBER
International Standard Book Number 9788195020751
Terms of availability 300.00
035 ## - SYSTEM CONTROL NUMBER
System control number EN-115542
037 ## - SOURCE OF ACQUISITION
Source of stock number/acquisition DBAD
082 ## - DEWEY DECIMAL CLASSIFICATION NUMBER
Classification number 324.2092
100 ## - MAIN ENTRY--PERSONAL NAME
Personal name Verma, Abhas
245 ## - TITLE STATEMENT
Title Bal Thackeray:
Remainder of title Godfather of Mumbai and Rise of Shiv Sena/
Statement of responsibility, etc Abhas Verma
260 ## - PUBLICATION, DISTRIBUTION, ETC. (IMPRINT)
Place of publication, distribution, etc Noida
Name of publisher, distributor, etc Jitendra Anand Infratech Private Limited
Date of publication, distribution, etc 2021
270 ## - ADDRESS
City Noida
Address 2203, Express Trade Towers-2, Sector-132
Postal code 201304
Electronic mail address jaipl3e@gmail.com
300 ## - PHYSICAL DESCRIPTION
Extent 317p.
Dimensions 22cm(pbk)
942 ## - ADDED ENTRY ELEMENTS (KOHA)
Source of classification or shelving scheme Dewey Decimal Classification
Item type English Books
Classification part 324.2092
Call number suffix VER
Holdings
Withdrawn status Lost status Not for loan Collection code Home library Current library Date acquired Source of acquisition Cost, normal purchase price Full call number Barcode Copy number Cost, replacement price Koha item type
      Non-fiction Central Library Central Library 16/03/2022 DBAD/PUB 300.00 324.2092 VER EN-115542 1 300.00 English Books

© Delhi Public Library
Hit Counter
free hit counter